Normal view
MARC view
- Cengal, yunus A.
Entry Personal Name
001 - CONTROL NUMBER
- control field: 12323
003 - CONTROL NUMBER IDENTIFIER
- control field: NUST
005 - DATE AND TIME OF LATEST TRANSACTION
- control field: 20180903060212.0
008 - FIXED-LENGTH DATA ELEMENTS
- fixed length control field: 180903|| aca||aabn | a|a d
040 ## - CATALOGING SOURCE
- Original cataloging agency: NUST
- Transcribing agency: NUST
100 ## - HEADING--PERSONAL NAME
- Personal name: Cengal, yunus A.
670 ## - SOURCE DATA FOUND
- Source citation: Work cat.: (NUST): Cengal, yunus A., FLUID MECHANICS /, 2010.
